000 00405nam a2200157Ia 4500
008 230711s9999||||xx |||||||||||||| ||und||
041 _aENG
082 _a4.1
_bTH-L
100 _aThyagarajan,K
245 0 _aLasers, theory and applications
250 _a1st Ed.
260 _c1981
_aMadras
_bMacMillan Publications Pvt.Ltd
650 _aComputer Engineering
700 _aGhatak,Ajoy Kumar
942 _cBK
999 _c2101
_d2101